ਪੰਜਾਬ ਦੀਆਂ ਲੋਕ ਬੋਲੀਆਂ / (Record no. 111143)

MARC details
000 -LEADER
fixed length control field 01076nam a22002417a 4500
010 ## - LIBRARY OF CONGRESS CONTROL NUMBER
LC control number A-509301
020 ## - INTERNATIONAL STANDARD BOOK NUMBER
Terms of availability 50.00
035 ## - SYSTEM CONTROL NUMBER
System control number A-509301
037 ## - SOURCE OF ACQUISITION
Stock number Cen Lib / Ret
040 ## - CATALOGING SOURCE
Original cataloging agency DPL
Language of cataloging PN
082 ## - DEWEY DECIMAL CLASSIFICATION NUMBER
Classification number 784.4
Item number ਦਾਨਸਿੰ
245 ## - TITLE STATEMENT
Title ਪੰਜਾਬ ਦੀਆਂ ਲੋਕ ਬੋਲੀਆਂ /
Statement of responsibility, etc ਸੰਪਾਦਕ ਦਾਨ ਸਿੰਘ ਕੋਮਲ
246 ## - VARYING FORM OF TITLE
Title proper/short title Punjab dian lok bolian : (folk literature of Punjab) /
Remainder of title edited by Dan Singh Komal
260 ## - PUBLICATION, DISTRIBUTION, ETC. (IMPRINT)
Place of publication, distribution, etc ਨਵੀ ਦਿੱਲੀ
Name of publisher, distributor, etc ਪੰਜਾਬੀ ਰਾਈਟਰਜ਼ ਕੇਆਪਰੇਟਿਵ
Date of publication, distribution, etc 1985
270 ## - ADDRESS
Address ਜੇ-11/26, ਰਾਜੈਰੀ ਗਾਰਡਨ
City ਨਵੀ ਦਿੱਲੀ
Postal code 110027
300 ## - PHYSICAL DESCRIPTION
Extent 190p ;
Other physical details 24cm(Hb)
650 ## - SUBJECT ADDED ENTRY--TOPICAL TERM
Topical term or geographic name as entry element ਲੋਕ ਸਾਹਿਤ, ਪੰਜਾਬੀ.
9 (RLIN) 5571
650 ## - SUBJECT ADDED ENTRY--TOPICAL TERM
Topical term or geographic name as entry element Folk literature, Panjabi.
9 (RLIN) 133608
650 ## - SUBJECT ADDED ENTRY--TOPICAL TERM
Topical term or geographic name as entry element ਲੋਕ ਸਾਹਿਤ, ਭਾਰਤੀ.
9 (RLIN) 46121
650 ## - SUBJECT ADDED ENTRY--TOPICAL TERM
Topical term or geographic name as entry element Folk literature, Indic.
9 (RLIN) 29061
700 ## - ADDED ENTRY--PERSONAL NAME
Personal name ਦਾਨ ਸਿੰਘ ਕੋਮਲ
9 (RLIN) 2170
942 ## - ADDED ENTRY ELEMENTS (KOHA)
Source of classification or shelving scheme Dewey Decimal Classification
Koha item type Punjabi Bks
Classification part 784.4
Call number suffix ਦਾਨਸਿੰ
Holdings
Withdrawn status Lost status Damaged status Not for loan Home library Current library Date acquired Source of acquisition Cost, normal purchase price Total Checkouts Full call number Barcode Date last seen Copy number Cost, replacement price Price effective from Koha item type
        Central Library Central Library 13/02/2016 Cen Lib/Ret 50.00   784.4 ਦਾਨਸਿੰ A-509301 13/02/2016 1 50.00 13/02/2016 Punjabi Bks

© Delhi Public Library
Hit Counter
free hit counter